| 000 | 00694nam a2200217 a 4500 | ||
|---|---|---|---|
| 008 | 951031s1971||||xo 0 slo c | ||
| 020 |
_a8022102636 _c35 |
||
| 040 |
_aSNK _bslo _cSNK _eAACR2 |
||
| 041 | 1 |
_aslo _heng |
|
| 044 |
_axo _cSK |
||
| 080 | _a820 (73)-3 | ||
| 245 | 1 | 0 | _aDoktor X Intern ; Prekl. Ferdinand Friedman, Draga Christovová ; Ilustr. David Popovič ; Aut. obál. Jozef Pernecký |
| 260 |
_aBratislava _bSmena _c1971 _eNitra _fNitrianske tlačiarne |
||
| 500 | _aMimo edície | ||
| 700 | 1 |
_aFriedman, Ferdinand _4trl |
|
| 700 | 1 |
_aChristovová, Draga _4trl |
|
| 700 | 1 |
_aPopovič, David _4ill |
|
| 700 | 1 |
_aPernecký, Jozef _4bjd |
|
| 765 | 0 | _tDoctor X Intern | |
| 958 | _aAUL | ||
| 999 |
_c10278 _d10278 |
||